Variational methods: applications to nonlinear partial differential equations and hamiltonian systems
-д хадгалсан:
| Үндсэн зохиолч: | |
|---|---|
| Формат: | Ном |
| Хэл сонгох: | англи |
| Хэвлэсэн: |
Nueva York
Springer-Verlag
1990
|
| Нөхцлүүд: | |
| Шошгууд: |
Шошго нэмэх
Шошго байхгүй, Энэхүү баримтыг шошголох эхний хүн болох!
|
MARC
| LEADER | 00000nam a2200000 a 4500 | ||
|---|---|---|---|
| 001 | UCX2854 | ||
| 003 | CL-VaPUC | ||
| 008 | 910826e19900000US |||||||||||||||||eng|d | ||
| 082 | 0 | 4 | |a 515.64 |b STR |2 21 |
| 100 | 0 | |a Struwe, Michael |e author |9 318946 | |
| 245 | 1 | 0 | |a Variational methods: applications to nonlinear partial differential equations and hamiltonian systems |
| 300 | |a 244 p | ||
| 942 | |c BK | ||
| 945 | |d 19910826 00:00:00 | ||
| 260 | |a Nueva York |b Springer-Verlag |c 1990 | ||
| 650 | 0 | |a Cálculo de variaciones |9 270526 | |
| 650 | 0 | |a Ecuaciones diferenciales no lineales |9 270831 | |
| 650 | 7 | |a SISTEMAS DE HAMILTON |2 CL-VaPUC |9 318947 | |
| 583 | |a last modification |c 19910826 00:00:00 |k Rodrigo Vera | ||
| 999 | |c 223780 |d 223778 | ||
| 952 | |0 0 |1 0 |4 0 |6 515_640000000000000_STR_1990 |7 0 |8 A |9 219887 |a BIBCUR |b BIBCUR |d 2019-11-15 |i 3177858 |o 515.64 STR 1990 |p 3177858 |r 2025-04-22 |w 2019-11-15 |y BK |k BCB | ||